Text book of Pharmaceutical Chemistry-1 (Record no. 11584)

MARC details
000 -LEADER
fixed length control field 00511nam a22002057a 4500
003 - CONTROL NUMBER IDENTIFIER
control field OSt
008 - FIXED-LENGTH DATA ELEMENTS--GENERAL INFORMATION
fixed length control field 221115b ||||| |||| 00| 0 eng d
020 ## - INTERNATIONAL STANDARD BOOK NUMBER
International Standard Book Number 9781543345506
082 ## - DEWEY DECIMAL CLASSIFICATION NUMBER
Classification number 615.19 GOT
100 ## - MAIN ENTRY--PERSONAL NAME
Personal name GOLANI, Pradeep
245 ## - TITLE STATEMENT
Title Text book of Pharmaceutical Chemistry-1
250 ## - EDITION STATEMENT
Edition statement Ed
260 ## - PUBLICATION, DISTRIBUTION, ETC. (IMPRINT)
Place of publication, distribution, etc New Delhi
Name of publisher, distributor, etc S.Vikas
Date of publication, distribution, etc 2022
300 ## - PHYSICAL DESCRIPTION
Extent 241
650 ## - SUBJECT ADDED ENTRY--TOPICAL TERM
Topical term or geographic name as entry element Pharmaceutical Inorganic Chemistry
700 ## - ADDED ENTRY--PERSONAL NAME
Personal name BUDHRANI,Ashish
700 ## - ADDED ENTRY--PERSONAL NAME
Personal name VERMA,Megha
700 ## - ADDED ENTRY--PERSONAL NAME
Personal name RAGEEB,MD.
942 ## - ADDED ENTRY ELEMENTS (KOHA)
Source of classification or shelving scheme Dewey Decimal Classification
Koha item type Text Books
Holdings
Withdrawn status Lost status Source of classification or shelving scheme Damaged status Not for loan Collection code Home library Current library Date acquired Source of acquisition Currency Cost, normal purchase price Bill Number Total Checkouts Full call number Acc. no. / Barcode Date last seen Actual Cost, discounted price Bill Date Koha item type Date last borrowed
    Dewey Decimal Classification     Diploma in Pharmacy PIET C-LIBRARY PIET C-LIBRARY 01/11/2022 Kirti Praskshan IN Rupees 1775.00 IN1359   615.19 GOT DP1093 15/11/2022 276.90 01/11/2022 Reference Books  
    Dewey Decimal Classification     Diploma in Pharmacy PIET C-LIBRARY PIET C-LIBRARY 01/11/2022 Kirti Praskshan IN Rupees 1775.00 IN1359 5 615.19 GOT DP1094 29/07/2023 276.90 01/11/2022 Text Books 26/07/2023
    Dewey Decimal Classification     Diploma in Pharmacy PIET C-LIBRARY PIET C-LIBRARY 01/11/2022 Kirti Praskshan IN Rupees 1775.00 IN1359 4 615.19 GOT DP1095 05/11/2024 276.90 01/11/2022 Text Books 21/10/2024
    Dewey Decimal Classification     Diploma in Pharmacy PIET C-LIBRARY PIET C-LIBRARY 01/11/2022 Kirti Praskshan IN Rupees 1775.00 IN1359 2 615.19 GOT DP1096 29/07/2023 276.90 01/11/2022 Text Books 06/07/2023
    Dewey Decimal Classification     Diploma in Pharmacy PIET C-LIBRARY PIET C-LIBRARY 01/11/2022 Kirti Praskshan IN Rupees 1775.00 IN1359 3 615.19 GOT DP1097 17/02/2025 276.90 01/11/2022 Text Books 06/02/2025

Design & Developed by: PIET Central Library
R70 Miles Stone Pattikalyana Samalkha Panipat 132102
mail ID :- [email protected], Phone No:- 0180-2569700 Ex.216